01182cam a22002411 4500001001300000003000400013005001700017008004100034010001700075035001900092040003700111050002700148051001700175100005100192245020800243260009100451300003700542440005600579500001600635501023000651650004200881999001700923hew61000154 DLC20260227111511.0790625s1961 dcuab f000 0 eng c ahew61000154  a(OCoLC)5106157 aU.S. Dept. of HEWcOMCdOMCdDLC00aL111b.A6 1961, no. 16 aLB2846b.S331 aSeibert, Ivan N.q(Ivan Newton),d1908-ecomp.10aState plans for improving statistical servicesbsubmitted by state education agencies, under section 1009, title X, Public law 85-864;ccompiled by Ivan N. Seibert, Jerry N. Waddell and Louise R. Murphy. a[Washington]bU.S. Dept. of Health, Education and Welfare, Office of Educationc[1961] avi, 173 p.billus., map.c23 cm. 0a[U.S. Office of Education] Bulletin 1961,vno. 16 a"OE-20028." aCopies 1 and 3 of L111.A6 with: Three-two plan of engineering education / Henry Horton Armsby. Washington : U.S. Dept. of Health, Education and Welfare, Office of Education,1961. Bound together subsequent to publication.5DLC 0aEducationzUnited StatesxStatistics. c34333d34333